Normal view
MARC view
- Quraish婬 ?Abdurrab
Entry Personal Name
001 - CONTROL NUMBER
- control field: 111498
003 - CONTROL NUMBER IDENTIFIER
- control field: NUST
005 - DATE AND TIME OF LATEST TRANSACTION
- control field: 20230328114713.0
008 - FIXED-LENGTH DATA ELEMENTS
- fixed length control field: 230328|| aca||aabn | a|a d
040 ## - CATALOGING SOURCE
- Original cataloging agency: NUST
- Transcribing agency: NUST
100 ## - HEADING--PERSONAL NAME
- Personal name: Quraish婬 ?Abdurrab
670 ## - SOURCE DATA FOUND
- Source citation: Work cat.: (NUST)179457: Iqbal, Muhammad 9, Kulliyat-e-Iqbal: Urdu / کلیات اقبال: اردو / , 2006.
